| 000 | 00669nam a2200181Ia 4500 | ||
|---|---|---|---|
| 003 | GCL | ||
| 008 | 140319s9999 xx 000 0 ara d | ||
| 040 |
_aGCL / _cGCL |
||
| 082 | 0 | 4 |
_a301.24 _bا ت |
| 100 | 1 | _aمحمد احمد الزعبى | |
| 245 | 1 | 0 |
_aالتفسير الجتماعى : بين علم الاجتماع البرجوازى وعلم الاجتماع الاشتراكى / _cمحمد احمد الزعبى |
| 260 |
_a[S.N] : _bالمؤسسة الجامعية للدراسات والنشر والتوزيع ، _c1991 |
||
| 300 | _a230 ص | ||
| 490 | _a | ||
| 650 | 0 | 4 | _aالاجتماع |
| 650 | 0 | 4 | _aالتغير الاجتماعى |
| 942 |
_2ddc _cBK |
||
| 999 |
_c27667 _d27667 |
||